00273nam a2200109Ia 4500008004000000082001700040100001700057245003300074250000500107260004300112300000800155210210b1979 xxu||||| |||| 00| 0 eng d a320.454 GOYI aGOYAL (O P). aIndia government & politics. a aDelhi.bLight & LIfe Publishers.c1979 a345